000 00624cam a2200169 i 4500
001 107370
005 20230411085934.0
008 120627b2009 dr g 001 0 spa d
041 0 _aspa
050 1 4 _aE56 2009
110 2 _aEnciclopedia Digital e Interactiva de la Historia y la CUltura Caribeñas.
245 0 0 _aIV Informe del avance del proyecto EnCaribe /
_cEnciclopedia Digital e Interactiva de la Historia y la Cultura Caribeñas.
260 _aSanto Domingo :
_bEnciclopedia Digital e Interactiva de la Historia y la Cultura Caribeñas - EnCaribe,
_c2009.
300 _a418 p.
942 _2lcc
_cbk
946 _aPP
999 _c109649
_d109649